[Event "Praha"]
[Site "?"]
[Date "2023.01.06"]
[Round "1.14"]
[White "Vojta, Jakub"]
[Black "Kuznecova, Marija"]
[Result "1/2-1/2"]
[BlackElo "1917"]
[WhiteElo "2288"]
[LiveChessVersion "1.4.8"]

1. Nf3 {[%clk 1:30:53]} c5 {[%clk 1:30:53]} 2. e4 {[%clk 1:30:19]} d6
{[%clk 1:31:12]} 3. d4 {[%clk 1:29:10]} cxd4 {[%clk 1:31:30]} 4. Qxd4
{[%clk 1:29:38]} Nc6 {[%clk 1:30:25]} 5. Bb5 {[%clk 1:30:05]} Bd7
{[%clk 1:28:02]} 6. Bxc6 {[%clk 1:30:32]} Bxc6 {[%clk 1:27:36]} 7. Nc3
{[%clk 1:30:59]} Nf6 {[%clk 1:27:35]} 8. Bg5 {[%clk 1:31:25]} Qb6
{[%clk 1:20:03]} 9. Qxb6 {[%clk 1:06:22]} axb6 {[%clk 1:20:26]} 10. Bxf6
{[%clk 1:06:49]} gxf6 {[%clk 1:20:38]} 11. Nd4 {[%clk 1:05:57]} Bg7
{[%clk 1:17:43]} 12. Nf5 {[%clk 1:05:36]} Rg8 {[%clk 1:16:17]} 13. O-O-O
{[%clk 1:04:19]} Bf8 {[%clk 1:02:52]} 14. g3 {[%clk 1:00:10]} b5 {[%clk 0:41:33]}
15. a3 {[%clk 0:49:06]} e6 {[%clk 0:34:47]} 16. Nd4 {[%clk 0:49:29]} Ra5
{[%clk 0:32:50]} 17. Rhe1 {[%clk 0:46:51]} Bh6+ {[%clk 0:29:05]} 18. Kb1
{[%clk 0:45:28]} Kd7 {[%clk 0:23:58]} 19. Na2 {[%clk 0:37:57]} Rga8
{[%clk 0:19:53]} 20. Nb4 {[%clk 0:37:21]} Bf8 {[%clk 0:18:52]} 21. Rd3
{[%clk 0:33:46]} Be7 {[%clk 0:17:01]} 22. f3 {[%clk 0:33:39]} Ra4
{[%clk 0:14:29]} 23. Red1 {[%clk 0:30:34]} R4a7 {[%clk 0:12:14]} 24. Kc1
{[%clk 0:17:18]} Bf8 {[%clk 0:10:43]} 25. Kd2 {[%clk 0:16:57]} Be7
{[%clk 0:09:59]} 26. Ke3 {[%clk 0:16:40]} Ra4 {[%clk 0:08:57]} 27. f4
{[%clk 0:10:18]} Rf8 {[%clk 0:04:46]} 28. f5 {[%clk 0:06:09]} Raa8
{[%clk 0:04:25]} 29. Ne2 {[%clk 0:04:36]} Rac8 {[%clk 0:03:34]} 30. Nf4
{[%clk 0:04:43]} Rg8 {[%clk 0:03:31]} 31. c3 {[%clk 0:02:04]} Rce8
{[%clk 0:03:26]} 32. fxe6+ {[%clk 0:02:14]} fxe6 {[%clk 0:03:53]} 33. R3d2
{[%clk 0:01:47]} Rg5 {[%clk 0:03:20]} 34. Nbd3 {[%clk 0:01:29]} Bf8
{[%clk 0:02:30]} 35. b4 {[%clk 0:00:34]} b6 {[%clk 0:02:20]} 36. a4
{[%clk 0:00:41]} bxa4 {[%clk 0:01:44]} 37. c4 {[%clk 0:01:10]} d5
{[%clk 0:01:53]} 38. Nh3 {[%clk 0:00:38]} Rh5 {[%clk 0:01:39]} 39. Nhf4
{[%clk 0:01:01]} Rg5 {[%clk 0:02:04]} 40. Nh3 {[%clk 0:01:28]} Rh5
{[%clk 0:02:19]} 41. Nhf4 {[%clk 0:01:01]} Rg5 {[%clk 0:02:42]} 1/2-1/2

[Event "Praha"]
[Site "?"]
[Date "2023.01.06"]
[Round "1.15"]
[White "Blumel, Otto"]
[Black "Schneider, Jana"]
[Result "0-1"]
[BlackElo "2263"]
[WhiteElo "1916"]
[LiveChessVersion "1.4.8"]

1. e4 {[%clk 1:30:26]} e5 {[%clk 1:30:38]} 2. Nf3 {[%clk 1:29:23]} Nc6
{[%clk 1:30:59]} 3. Bc4 {[%clk 1:29:41]} Bc5 {[%clk 1:29:30]} 4. O-O
{[%clk 1:29:52]} Nf6 {[%clk 1:29:47]} 5. d4 {[%clk 1:30:15]} Bxd4
{[%clk 1:30:03]} 6. Nxd4 {[%clk 1:30:28]} Nxd4 {[%clk 1:30:22]} 7. Bg5
{[%clk 1:30:48]} h6 {[%clk 1:29:57]} 8. Bh4 {[%clk 1:30:59]} d6 {[%clk 1:29:31]}
9. f4 {[%clk 1:30:53]} Bg4 {[%clk 1:28:47]} 10. Bxf6 {[%clk 1:24:16]} Bxd1
{[%clk 1:29:05]} 11. Bxd8 {[%clk 1:24:41]} Rxd8 {[%clk 1:25:28]} 12. Rxd1
{[%clk 1:19:37]} Nxc2 {[%clk 1:25:45]} 13. Nc3 {[%clk 1:19:16]} Nxa1
{[%clk 1:22:51]} 14. Rxa1 {[%clk 1:18:05]} exf4 {[%clk 1:22:03]} 15. Nd5
{[%clk 1:18:02]} O-O {[%clk 1:20:46]} 16. Nxf4 {[%clk 1:14:07]} Rfe8
{[%clk 1:19:47]} 17. Bd3 {[%clk 1:12:18]} c6 {[%clk 1:18:46]} 18. Rf1
{[%clk 1:07:34]} Re5 {[%clk 1:15:18]} 19. Rf3 {[%clk 1:07:00]} Rc5
{[%clk 1:08:17]} 20. Rg3 {[%clk 1:04:11]} a5 {[%clk 1:01:47]} 21. Ne2
{[%clk 0:54:26]} d5 {[%clk 1:00:25]} 22. exd5 {[%clk 0:53:17]} Rcxd5
{[%clk 1:00:23]} 23. Nc1 {[%clk 0:47:09]} R8d6 {[%clk 0:55:27]} 24. Re3
{[%clk 0:46:56]} Kf8 {[%clk 0:47:09]} 25. Kf2 {[%clk 0:44:30]} a4
{[%clk 0:39:13]} 26. Ke2 {[%clk 0:42:19]} Rc5 {[%clk 0:36:45]} 27. Kd2
{[%clk 0:37:44]} Rh5 {[%clk 0:36:18]} 28. h3 {[%clk 0:34:31]} Rg5
{[%clk 0:35:31]} 29. g3 {[%clk 0:34:03]} Re6 {[%clk 0:23:46]} 30. Rxe6
{[%clk 0:34:06]} fxe6 {[%clk 0:24:11]} 31. Ne2 {[%clk 0:34:22]} Ke7
{[%clk 0:22:55]} 32. Bc2 {[%clk 0:32:44]} Rb5 {[%clk 0:17:32]} 33. Kc3
{[%clk 0:30:24]} Ra5 {[%clk 0:12:09]} 34. Be4 {[%clk 0:29:18]} Kd6
{[%clk 0:11:06]} 35. Nf4 {[%clk 0:27:05]} Rc5+ {[%clk 0:08:05]} 36. Kd2
{[%clk 0:27:05]} Rb5 {[%clk 0:07:40]} 37. Nd3 {[%clk 0:26:59]} Rh5
{[%clk 0:03:01]} 38. h4 {[%clk 0:26:46]} Rb5 {[%clk 0:02:31]} 39. Ke3
{[%clk 0:25:17]} a3 {[%clk 0:02:33]} 40. bxa3 {[%clk 0:23:34]} Ra5
{[%clk 0:02:54]} 0-1

[Event "Praha"]
[Site "?"]
[Date "2023.01.06"]
[Round "1.16"]
[White "Goroshkov, Maksym"]
[Black "Filindash, Nikita"]
[Result "1-0"]
[BlackElo "1914"]
[WhiteElo "2261"]
[LiveChessVersion "1.4.8"]

1. d4 {[%clk 1:30:45]} d5 {[%clk 1:30:55]} 2. Nf3 {[%clk 1:31:10]} c5
{[%clk 1:31:19]} 3. e3 {[%clk 1:30:39]} e6 {[%clk 1:31:45]} 4. c3
{[%clk 1:30:56]} Nc6 {[%clk 1:32:10]} 5. Bd3 {[%clk 1:31:18]} Nf6
{[%clk 1:32:32]} 6. Nbd2 {[%clk 1:31:31]} Bd6 {[%clk 1:31:57]} 7. O-O
{[%clk 1:31:50]} O-O {[%clk 1:32:21]} 8. e4 {[%clk 1:25:22]} dxe4
{[%clk 1:30:46]} 9. Nxe4 {[%clk 1:25:45]} Nxe4 {[%clk 1:30:01]} 10. Bxe4
{[%clk 1:26:10]} h6 {[%clk 1:26:51]} 11. dxc5 {[%clk 1:22:57]} Bxc5
{[%clk 1:27:03]} 12. Bf4 {[%clk 1:23:13]} Qf6 {[%clk 1:14:20]} 13. Bg3
{[%clk 1:23:27]} Rd8 {[%clk 1:12:25]} 14. Qe2 {[%clk 1:22:11]} Bd7
{[%clk 1:09:02]} 15. Rad1 {[%clk 1:15:42]} Be8 {[%clk 1:06:53]} 16. Bh4
{[%clk 1:09:40]} g5 {[%clk 1:07:18]} 17. Bg3 {[%clk 1:10:07]} Rxd1
{[%clk 1:03:59]} 18. Rxd1 {[%clk 1:10:29]} Rd8 {[%clk 1:04:23]} 19. h4
{[%clk 1:04:24]} Rxd1+ {[%clk 1:02:16]} 20. Qxd1 {[%clk 1:04:48]} g4
{[%clk 1:00:59]} 21. Ne1 {[%clk 1:04:51]} h5 {[%clk 1:00:47]} 22. Nd3
{[%clk 1:05:04]} Bb6 {[%clk 1:00:14]} 23. Qd2 {[%clk 1:02:56]} Qg7
{[%clk 0:51:34]} 24. Nf4 {[%clk 0:59:23]} Qe5 {[%clk 0:44:17]} 25. Nd5
{[%clk 0:59:08]} Qg7 {[%clk 0:43:53]} 26. Nxb6 {[%clk 0:59:24]} axb6
{[%clk 0:44:22]} 27. Qe3 {[%clk 0:58:43]} b5 {[%clk 0:42:21]} 28. a3
{[%clk 0:53:15]} Kh8 {[%clk 0:34:26]} 29. Bd3 {[%clk 0:52:09]} Ne7
{[%clk 0:29:31]} 30. Qc5 {[%clk 0:51:25]} Nd5 {[%clk 0:24:50]} 31. Qc8
{[%clk 0:51:36]} Qg8 {[%clk 0:24:59]} 32. Qxb7 {[%clk 0:51:40]} Qg7
{[%clk 0:24:19]} 33. Qb8 {[%clk 0:51:47]} Qg8 {[%clk 0:24:40]} 34. a4
{[%clk 0:50:52]} bxa4 {[%clk 0:24:28]} 35. c4 {[%clk 0:51:13]} Nf6
{[%clk 0:24:54]} 36. Be5 {[%clk 0:51:35]} Kg7 {[%clk 0:25:18]} 37. Qd8
{[%clk 0:51:52]} 1-0

[Event "Praha"]
[Site "?"]
[Date "2023.01.06"]
[Round "1.17"]
[White "Hujo, Jozef"]
[Black "Oberhofer, Cedric"]
[Result "0-1"]
[BlackElo "2259"]
[WhiteElo "1909"]
[LiveChessVersion "1.4.8"]

1. d4 {[%clk 1:30:50]} Nf6 {[%clk 1:30:47]} 2. Nf3 {[%clk 1:31:10]} g6
{[%clk 1:30:43]} 3. Bf4 {[%clk 1:29:40]} Bg7 {[%clk 1:30:42]} 4. e3
{[%clk 1:29:31]} O-O {[%clk 1:30:35]} 5. Be2 {[%clk 1:29:07]} d6 {[%clk 1:28:40]}
6. O-O {[%clk 1:28:01]} Nbd7 {[%clk 1:25:52]} 7. c4 {[%clk 1:26:03]} Re8
{[%clk 1:16:44]} 8. Nc3 {[%clk 1:25:45]} c6 {[%clk 1:15:57]} 9. Qc2
{[%clk 1:16:15]} Nh5 {[%clk 1:11:01]} 10. Bg5 {[%clk 1:15:20]} Qc7
{[%clk 1:10:18]} 11. Rfd1 {[%clk 1:05:22]} h6 {[%clk 0:54:17]} 12. Bh4
{[%clk 1:03:47]} Ndf6 {[%clk 0:53:24]} 13. c5 {[%clk 0:55:57]} Bf5
{[%clk 0:48:41]} 14. Qb3 {[%clk 0:48:25]} Be6 {[%clk 0:42:33]} 15. Bc4
{[%clk 0:39:05]} d5 {[%clk 0:42:19]} 16. Be2 {[%clk 0:35:34]} g5 {[%clk 0:40:52]}
17. Bg3 {[%clk 0:34:48]} Nxg3 {[%clk 0:41:17]} 18. hxg3 {[%clk 0:34:51]} Bf5
{[%clk 0:39:58]} 19. Bd3 {[%clk 0:30:41]} Bg4 {[%clk 0:37:25]} 20. e4
{[%clk 0:29:39]} dxe4 {[%clk 0:36:32]} 21. Nxe4 {[%clk 0:29:34]} Nxe4
{[%clk 0:35:04]} 22. Bxe4 {[%clk 0:29:54]} e6 {[%clk 0:35:10]} 23. Rd2
{[%clk 0:27:37]} Rad8 {[%clk 0:33:37]} 24. Re1 {[%clk 0:23:32]} Bxf3
{[%clk 0:31:26]} 25. Qxf3 {[%clk 0:19:03]} Rxd4 {[%clk 0:27:31]} 26. Rxd4
{[%clk 0:12:33]} Bxd4 {[%clk 0:27:55]} 27. b4 {[%clk 0:12:10]} Rd8
{[%clk 0:23:54]} 28. a4 {[%clk 0:11:02]} a5 {[%clk 0:19:12]} 29. bxa5
{[%clk 0:07:38]} Qxa5 {[%clk 0:18:41]} 30. Rb1 {[%clk 0:07:31]} Rd7
{[%clk 0:18:43]} 31. Qh5 {[%clk 0:03:12]} Kg7 0-1

[Event "Praha"]
[Site "?"]
[Date "2023.01.06"]
[Round "1.18"]
[White "Oye-Stromberg, Alexander"]
[Black "Fizerova, Lucie"]
[Result "1-0"]
[BlackElo "1906"]
[WhiteElo "2254"]
[LiveChessVersion "1.4.8"]

1. e4 {[%clk 1:30:45]} e5 {[%clk 1:30:34]} 2. Nf3 {[%clk 1:30:27]} Nf6
{[%clk 1:30:42]} 3. Nc3 {[%clk 1:29:15]} Bb4 {[%clk 1:29:49]} 4. Nxe5
{[%clk 1:26:17]} O-O {[%clk 1:28:24]} 5. Nd3 {[%clk 1:25:37]} Bxc3
{[%clk 1:27:26]} 6. dxc3 {[%clk 1:25:56]} Nxe4 {[%clk 1:27:23]} 7. Be2
{[%clk 1:25:59]} d5 {[%clk 1:26:15]} 8. O-O {[%clk 1:24:31]} b6 {[%clk 1:22:05]}
9. Nf4 {[%clk 1:18:40]} c6 {[%clk 1:16:36]} 10. Be3 {[%clk 1:12:37]} Ba6
{[%clk 1:11:25]} 11. a4 Bxe2 {[%clk 1:08:11]} 12. Qxe2 {[%clk 1:10:27]} Nd7
{[%clk 1:07:00]} 13. c4 {[%clk 1:07:36]} dxc4 {[%clk 0:57:21]} 14. Qxc4
{[%clk 1:07:19]} Nef6 {[%clk 0:56:05]} 15. Qxc6 {[%clk 0:51:09]} Rc8
{[%clk 0:54:01]} 16. Qb7 {[%clk 0:49:07]} Rxc2 {[%clk 0:51:14]} 17. Qxa7
{[%clk 0:48:41]} Rxb2 {[%clk 0:50:02]} 18. Rfd1 {[%clk 0:45:55]} Qa8
{[%clk 0:45:06]} 19. Rxd7 {[%clk 0:29:43]} Nxd7 {[%clk 0:45:24]} 20. Qxd7
{[%clk 0:30:08]} Rd8 {[%clk 0:44:58]} 21. Qe7 {[%clk 0:30:18]} Ra2
{[%clk 0:41:55]} 22. Rf1 {[%clk 0:26:56]} Rxa4 {[%clk 0:41:13]} 23. h3
{[%clk 0:25:59]} b5 {[%clk 0:38:19]} 24. Qg5 {[%clk 0:21:58]} h6 {[%clk 0:28:06]}
25. Qxb5 {[%clk 0:20:50]} Ra1 {[%clk 0:25:06]} 26. Rxa1 {[%clk 0:18:48]} Qxa1+
{[%clk 0:25:30]} 27. Kh2 {[%clk 0:19:13]} Qf6 {[%clk 0:25:19]} 28. Qh5
{[%clk 0:13:31]} Qd6 {[%clk 0:22:53]} 29. Qg4 {[%clk 0:12:25]} Re8
{[%clk 0:20:43]} 30. Qg3 {[%clk 0:08:25]} Qe5 {[%clk 0:16:02]} 31. Ne2
{[%clk 0:07:05]} Qxg3+ {[%clk 0:14:58]} 32. Kxg3 {[%clk 0:07:27]} f6
{[%clk 0:13:25]} 33. Nd4 {[%clk 0:04:31]} Kf7 {[%clk 0:12:02]} 34. h4
{[%clk 0:04:10]} g5 {[%clk 0:10:32]} 35. h5 {[%clk 0:04:11]} Re5 {[%clk 0:10:24]}
36. Kg4 {[%clk 0:03:56]} Re4+ {[%clk 0:09:17]} 37. Kf3 {[%clk 0:04:13]} Re5
{[%clk 0:08:34]} 38. g4 {[%clk 0:04:30]} Kg7 {[%clk 0:07:30]} 39. Nf5+
{[%clk 0:04:53]} Kh7 {[%clk 0:07:33]} 40. Bd4 {[%clk 0:05:14]} Re6
{[%clk 0:07:35]} 41. Bc5 {[%clk 0:05:37]} Re5 {[%clk 0:03:47]} 42. Bd4
{[%clk 0:03:07]} Re6 {[%clk 0:03:56]} 43. Ng3 {[%clk 0:03:15]} Kg7
{[%clk 0:02:37]} 44. Ne4 {[%clk 0:03:25]} Kf7 {[%clk 0:29:18]} 45. Ke3
{[%clk 0:32:55]} Ra6 {[%clk 0:28:08]} 46. Bxf6 {[%clk 0:32:36]} Rxf6
{[%clk 0:25:25]} 47. Nxf6 {[%clk 0:33:01]} Kxf6 {[%clk 0:25:51]} 48. Kd4
{[%clk 0:33:26]} Ke6 {[%clk 0:26:03]} 49. Ke4 {[%clk 0:33:50]} Kf6
{[%clk 0:26:15]} 50. Kd5 {[%clk 0:34:16]} Kf7 {[%clk 0:26:25]} 51. Ke5
{[%clk 0:34:41]} 1-0

[Event "Praha"]
[Site "?"]
[Date "2023.01.06"]
[Round "1.19"]
[White "Tesar, Jakub"]
[Black "Soucek, Petr"]
[Result "0-1"]
[BlackElo "2250"]
[WhiteElo "1903"]
[LiveChessVersion "1.4.8"]

1. e4 {[%clk 1:30:56]} d6 {[%clk 1:30:21]} 2. d4 {[%clk 1:31:17]} Nf6
{[%clk 1:30:47]} 3. Nc3 {[%clk 1:31:36]} g6 {[%clk 1:31:11]} 4. Nf3
{[%clk 1:31:52]} Bg7 {[%clk 1:31:08]} 5. Bg5 {[%clk 1:24:36]} c6 {[%clk 1:20:14]}
6. a4 {[%clk 1:09:11]} Nbd7 {[%clk 1:02:52]} 7. h3 {[%clk 0:56:57]} e5
{[%clk 1:01:09]} 8. dxe5 {[%clk 0:53:53]} dxe5 {[%clk 1:00:38]} 9. Qd6
{[%clk 0:48:14]} h6 {[%clk 0:54:14]} 10. Bh4 {[%clk 0:45:27]} Qe7
{[%clk 0:34:59]} 11. O-O-O {[%clk 0:39:49]} Qxd6 {[%clk 0:33:17]} 12. Rxd6
{[%clk 0:40:17]} Nh5 {[%clk 0:32:05]} 13. Bc4 {[%clk 0:21:58]} g5
{[%clk 0:25:48]} 14. Bg3 {[%clk 0:21:46]} Nxg3 {[%clk 0:15:46]} 15. fxg3
{[%clk 0:22:14]} Bf8 {[%clk 0:14:52]} 16. Rd2 {[%clk 0:21:25]} Bb4
{[%clk 0:10:43]} 17. Rhd1 {[%clk 0:11:44]} Ke7 {[%clk 0:09:10]} 18. Re2
{[%clk 0:04:06]} Bxc3 {[%clk 0:08:11]} 19. bxc3 {[%clk 0:04:35]} a5
{[%clk 0:06:53]} 20. Nd2 {[%clk 0:03:04]} Nc5 {[%clk 0:06:15]} 21. Bb3
{[%clk 0:03:10]} f6 {[%clk 0:04:10]} 22. Nc4 {[%clk 0:02:57]} Be6
{[%clk 0:02:38]} 23. Nd2 {[%clk 0:00:48]} Rhd8 {[%clk 0:02:20]} 24. Kb2
{[%clk 0:00:40]} Rd7 {[%clk 0:02:04]} 25. Rf1 {[%clk 0:00:37]} Rad8
{[%clk 0:02:12]} 26. Nb1 {[%clk 0:00:41]} Rd1 {[%clk 0:01:38]} 27. Rxd1
{[%clk 0:01:06]} Rxd1 {[%clk 0:02:34]} 28. Nd2 {[%clk 0:00:41]} h5
{[%clk 0:01:53]} 29. Nb1 {[%clk 0:00:36]} Bd7 {[%clk 0:00:38]} 30. Na3
{[%clk 0:00:37]} b5 {[%clk 0:00:48]} 31. axb5 {[%clk 0:00:49]} cxb5
{[%clk 0:01:08]} 32. Nb1 {[%clk 0:00:38]} Bc6 {[%clk 0:00:57]} 33. Nd2
{[%clk 0:00:46]} Kd6 {[%clk 0:00:45]} 34. Ba2 {[%clk 0:00:33]} Na4+
{[%clk 0:00:53]} 35. Kb3 {[%clk 0:01:01]} Kc5 {[%clk 0:00:45]} 36. Nb1
{[%clk 0:00:39]} Bd7 {[%clk 0:00:44]} 37. Rd2 {[%clk 0:00:36]} Be6+
{[%clk 0:00:40]} 38. Ka3 {[%clk 0:00:46]} Rxd2 {[%clk 0:00:54]} 39. Nxd2
{[%clk 0:00:36]} Bxa2 {[%clk 0:01:16]} 40. Kxa2 {[%clk 0:00:48]} Nxc3+
{[%clk 0:01:38]} 41. Kb2 {[%clk 0:01:03]} Kb4 {[%clk 0:01:24]} 42. g4
{[%clk 0:00:45]} hxg4 {[%clk 0:01:11]} 43. hxg4 {[%clk 0:01:05]} a4
{[%clk 0:01:20]} 44. g3 {[%clk 0:00:37]} a3+ {[%clk 0:01:06]} 45. Ka1
{[%clk 0:00:55]} Ne2 {[%clk 0:00:52]} 46. Nf1 {[%clk 0:00:34]} Kc3
{[%clk 0:00:50]} 47. Ne3 {[%clk 0:00:39]} Nxg3 {[%clk 0:00:42]} 48. Nd5+
{[%clk 0:00:59]} Kxc2 {[%clk 0:00:58]} 49. Nxf6 {[%clk 0:01:16]} b4
{[%clk 0:01:05]} 50. Nd5 {[%clk 0:01:19]} b3 {[%clk 0:00:47]} 51. Ne3+
{[%clk 0:01:11]} Kc1 {[%clk 0:00:56]} 52. Nc2 {[%clk 0:01:27]} b2+
{[%clk 0:01:09]} 0-1

[Event "Praha"]
[Site "?"]
[Date "2023.01.06"]
[Round "1.20"]
[White "Ochedzan, Tymon"]
[Black "Rucabado, Stefan"]
[Result "1-0"]
[BlackElo "1902"]
[WhiteElo "2236"]
[LiveChessVersion "1.4.8"]

1. e4 {[%clk 1:30:57]} c5 {[%clk 1:30:11]} 2. Nf3 {[%clk 1:31:23]} d6
{[%clk 1:30:35]} 3. d4 {[%clk 1:31:50]} cxd4 {[%clk 1:30:59]} 4. Nxd4
{[%clk 1:32:14]} Nf6 {[%clk 1:31:23]} 5. Nc3 {[%clk 1:32:39]} a6 {[%clk 1:31:47]}
6. Bg5 {[%clk 1:32:53]} e6 {[%clk 1:32:11]} 7. Qf3 {[%clk 1:33:09]} Be7
{[%clk 1:29:36]} 8. O-O-O {[%clk 1:32:12]} Qc7 {[%clk 1:26:31]} 9. Qg3
{[%clk 1:26:40]} Nbd7 {[%clk 1:17:44]} 10. Bd3 {[%clk 1:25:24]} h6
{[%clk 1:12:23]} 11. Bd2 {[%clk 1:19:06]} b5 {[%clk 1:07:57]} 12. Rhe1
{[%clk 1:13:44]} Bb7 {[%clk 0:57:04]} 13. f4 {[%clk 1:05:01]} Rc8
{[%clk 0:49:09]} 14. Nd5 {[%clk 0:56:46]} Nxd5 {[%clk 0:20:16]} 15. exd5
{[%clk 0:50:04]} Bxd5 {[%clk 0:20:40]} 16. Kb1 {[%clk 0:45:41]} Bf6
{[%clk 0:14:48]} 17. Nf5 {[%clk 0:41:18]} b4 {[%clk 0:07:13]} 18. Bxb4
{[%clk 0:35:45]} Nc5 {[%clk 0:03:17]} 19. Bc4 {[%clk 0:31:09]} Rb8
{[%clk 0:00:51]} 20. Bxc5 {[%clk 0:17:18]} Rxb2+ {[%clk 0:00:42]} 21. Kc1
{[%clk 0:17:44]} Qxc5 22. Nxd6+ {[%clk 0:12:35]} Kf8 {[%clk 0:00:49]} 23. Rxd5
{[%clk 0:10:22]} Rxc2+ {[%clk 0:01:03]} 24. Kxc2 {[%clk 0:10:13]} 1-0

[Event "Praha"]
[Site "?"]
[Date "2023.01.07"]
[Round "2.1"]
[White "Chen, Qi b"]
[Black "Ocelak, Jakub"]
[Result "1-0"]
[BlackElo "2105"]
[WhiteElo "2484"]
[LiveChessVersion "1.4.8"]

1. e4 {[%clk 1:30:57]} e5 {[%clk 1:30:42]} 2. Nf3 {[%clk 1:31:24]} Nc6
{[%clk 1:31:07]} 3. Bb5 {[%clk 1:30:15]} Nf6 {[%clk 1:31:18]} 4. d3
{[%clk 1:30:22]} Bc5 {[%clk 1:31:40]} 5. Bxc6 {[%clk 1:28:39]} dxc6
{[%clk 1:32:00]} 6. Nbd2 {[%clk 1:29:04]} Be6 {[%clk 1:30:59]} 7. Nb3
{[%clk 1:28:40]} Bb6 {[%clk 1:29:29]} 8. O-O {[%clk 1:28:23]} Qe7
{[%clk 1:25:44]} 9. Be3 {[%clk 1:16:02]} O-O-O {[%clk 0:51:25]} 10. Qe1
{[%clk 1:14:43]} Bg4 {[%clk 0:44:26]} 11. Nfd2 {[%clk 1:14:35]} Nh5
{[%clk 0:39:09]} 12. a4 {[%clk 1:01:55]} Nf4 {[%clk 0:32:36]} 13. a5
{[%clk 0:59:57]} Bxe3 {[%clk 0:10:44]} 14. fxe3 {[%clk 1:00:04]} Ng6
{[%clk 0:11:07]} 15. Nc4 {[%clk 0:54:56]} Be6 {[%clk 0:10:12]} 16. Qc3
{[%clk 0:55:09]} f6 {[%clk 0:09:29]} 17. Ncd2 {[%clk 0:52:20]} Bxb3
{[%clk 0:03:56]} 18. Nxb3 {[%clk 0:52:46]} Rd6 {[%clk 0:03:25]} 19. Ra4
{[%clk 0:52:34]} b5 {[%clk 0:02:22]} 20. axb6 {[%clk 0:50:23]} cxb6
{[%clk 0:02:45]} 21. Rfa1 {[%clk 0:50:45]} Kb8 {[%clk 0:02:37]} 22. Rxa7
{[%clk 0:39:34]} Qxa7 {[%clk 0:02:52]} 23. Rxa7 {[%clk 0:40:01]} Kxa7
{[%clk 0:03:15]} 24. Na5 {[%clk 0:40:01]} c5 {[%clk 0:01:54]} 25. b4
{[%clk 0:40:04]} Rc8 {[%clk 0:01:24]} 26. Nc4 {[%clk 0:40:30]} Re6
{[%clk 0:01:17]} 27. Qa3+ {[%clk 0:37:48]} Kb7 {[%clk 0:01:45]} 28. Qb3
{[%clk 0:38:14]} Nf8 {[%clk 0:01:31]} 29. bxc5 {[%clk 0:38:19]} Rxc5
{[%clk 0:00:43]} 30. d4 {[%clk 0:38:46]} exd4 {[%clk 0:00:38]} 31. exd4
{[%clk 0:39:13]} Rc7 {[%clk 0:00:59]} 32. d5 {[%clk 0:39:37]} Rxc4
{[%clk 0:00:33]} 33. dxe6 {[%clk 0:39:45]} Rc7 {[%clk 0:00:36]} 34. Qd5+
{[%clk 0:40:12]} 1-0

[Event "Praha"]
[Site "?"]
[Date "2023.01.07"]
[Round "2.2"]
[White "Kreken, Eivind Grunt"]
[Black "Baumegger, Siegfried"]
[Result "1/2-1/2"]
[BlackElo "2439"]
[WhiteElo "2104"]
[LiveChessVersion "1.4.8"]

1. d4 {[%clk 1:26:24]} Nf6 {[%clk 1:30:32]} 2. c4 {[%clk 1:26:40]} e6
{[%clk 1:30:23]} 3. Nf3 {[%clk 1:27:00]} Bb4+ {[%clk 1:26:43]} 4. Bd2
{[%clk 1:26:32]} a5 {[%clk 1:26:53]} 5. a3 {[%clk 1:25:50]} Bxd2+
{[%clk 1:26:47]} 6. Qxd2 {[%clk 1:24:41]} b6 {[%clk 1:23:13]} 7. Nc3
{[%clk 1:18:25]} Bb7 {[%clk 1:23:29]} 8. Qf4 {[%clk 1:17:23]} O-O
{[%clk 1:19:10]} 9. e4 {[%clk 0:55:02]} d6 {[%clk 0:45:41]} 10. e5
{[%clk 0:45:34]} dxe5 {[%clk 0:44:56]} 11. dxe5 {[%clk 0:45:48]} Nfd7
{[%clk 0:45:13]} 12. O-O-O {[%clk 0:44:34]} Qe7 {[%clk 0:44:19]} 13. Bd3
{[%clk 0:41:43]} Rd8 {[%clk 0:31:25]} 14. h4 {[%clk 0:36:09]} Na6
{[%clk 0:28:35]} 15. Rh3 {[%clk 0:24:30]} Nac5 {[%clk 0:27:13]} 16. Bc2
{[%clk 0:24:20]} Nf8 {[%clk 0:24:16]} 17. Nd4 {[%clk 0:23:48]} Ng6
{[%clk 0:17:44]} 18. Qg3 {[%clk 0:20:00]} f5 {[%clk 0:17:07]} 19. h5
{[%clk 0:14:35]} f4 {[%clk 0:08:34]} 20. Qg4 {[%clk 0:13:31]} Nxe5
{[%clk 0:08:49]} 21. Qxf4 {[%clk 0:13:26]} Qf6 {[%clk 0:07:12]} 22. Qxf6
{[%clk 0:12:39]} gxf6 {[%clk 0:07:38]} 23. b3 {[%clk 0:08:29]} Kf7
{[%clk 0:05:55]} 24. f4 {[%clk 0:05:16]} Ng4 {[%clk 0:05:56]} 25. Rd2
{[%clk 0:04:13]} Rd7 {[%clk 0:05:33]} 26. b4 {[%clk 0:03:40]} axb4
{[%clk 0:05:40]} 27. axb4 {[%clk 0:04:05]} Rad8 {[%clk 0:04:18]} 28. bxc5
{[%clk 0:03:09]} Rxd4 {[%clk 0:04:39]} 29. Rxd4 {[%clk 0:01:41]} Rxd4
{[%clk 0:05:05]} 30. cxb6 {[%clk 0:01:46]} Rxc4 {[%clk 0:04:10]} 31. f5
{[%clk 0:00:56]} cxb6 {[%clk 0:02:33]} 32. fxe6+ {[%clk 0:01:20]} Ke7
{[%clk 0:01:38]} 33. Bxh7 {[%clk 0:01:22]} Bxg2 {[%clk 0:01:21]} 34. Rg3
{[%clk 0:01:02]} 1/2-1/2

[Event "Praha"]
[Site "?"]
[Date "2023.01.07"]
[Round "2.3"]
[White "Mitusov, Semen"]
[Black "Hlavina, Matous"]
[Result "1/2-1/2"]
[BlackElo "2102"]
[WhiteElo "2397"]
[LiveChessVersion "1.4.8"]

1. e4 {[%clk 1:30:15]} e5 {[%clk 1:30:43]} 2. Nf3 {[%clk 1:29:08]} Nf6
{[%clk 1:31:04]} 3. Nxe5 {[%clk 1:28:40]} d6 {[%clk 1:30:37]} 4. Nf3
{[%clk 1:29:03]} Nxe4 {[%clk 1:30:55]} 5. d4 {[%clk 1:29:10]} d5 {[%clk 1:29:00]}
6. Bd3 {[%clk 1:29:16]} Bd6 {[%clk 1:28:00]} 7. c4 {[%clk 1:25:04]} c6
{[%clk 1:21:37]} 8. Nc3 {[%clk 1:21:04]} Nf6 {[%clk 1:19:10]} 9. O-O
{[%clk 1:18:37]} O-O {[%clk 1:19:09]} 10. c5 {[%clk 1:13:16]} Be7
{[%clk 1:18:07]} 11. b4 {[%clk 1:10:42]} Bg4 {[%clk 1:17:44]} 12. Bf4
{[%clk 1:09:40]} Nbd7 {[%clk 1:15:51]} 13. b5 {[%clk 1:07:39]} Qa5
{[%clk 1:09:42]} 14. Rc1 {[%clk 1:02:15]} Rfe8 {[%clk 1:09:13]} 15. bxc6
{[%clk 0:56:33]} bxc6 {[%clk 1:08:55]} 16. h3 {[%clk 0:54:35]} Bh5
{[%clk 1:08:56]} 17. Re1 {[%clk 0:54:25]} Qb4 {[%clk 1:03:48]} 18. g4
{[%clk 0:43:36]} Bg6 {[%clk 1:02:30]} 19. Bxg6 {[%clk 0:43:52]} hxg6
{[%clk 1:02:51]} 20. Qa4 {[%clk 0:43:58]} Qxa4 {[%clk 0:55:19]} 21. Nxa4
{[%clk 0:44:23]} Ne4 {[%clk 0:53:59]} 22. Rb1 {[%clk 0:41:56]} g5
{[%clk 0:52:24]} 23. Bh2 {[%clk 0:39:43]} Bf6 {[%clk 0:52:12]} 24. Red1
{[%clk 0:37:35]} Nf8 {[%clk 0:47:09]} 25. Ne5 {[%clk 0:31:23]} Bxe5
{[%clk 0:46:46]} 26. Bxe5 {[%clk 0:31:41]} Ng6 {[%clk 0:41:02]} 27. Bh2
{[%clk 0:26:56]} Nh4 {[%clk 0:28:52]} 28. Rb2 {[%clk 0:25:14]} Re6
{[%clk 0:23:54]} 29. Rb8+ {[%clk 0:21:16]} Rxb8 {[%clk 0:21:55]} 30. Bxb8
{[%clk 0:21:40]} Nf3+ {[%clk 0:19:48]} 31. Kf1 {[%clk 0:19:28]} Ned2+
{[%clk 0:16:39]} 32. Kg2 {[%clk 0:19:53]} Nh4+ {[%clk 0:11:49]} 33. Kg1
{[%clk 0:16:59]} Nhf3+ {[%clk 0:08:50]} 34. Kg2 {[%clk 0:16:15]} Nh4+
{[%clk 0:08:46]} 35. Kg1 {[%clk 0:16:41]} Re4 {[%clk 0:06:48]} 36. Bxa7
{[%clk 0:14:22]} Rxd4 {[%clk 0:06:49]} 37. Nb2 {[%clk 0:14:45]} Rb4
{[%clk 0:06:13]} 38. Nd3 {[%clk 0:14:38]} Ra4 {[%clk 0:06:19]} 39. Bb8
{[%clk 0:14:23]} Rxa2 {[%clk 0:03:33]} 40. Nb4 {[%clk 0:14:37]} Rb2
{[%clk 0:02:31]} 41. Nxc6 {[%clk 0:14:31]} Nhf3+ {[%clk 0:00:58]} 42. Kg2
{[%clk 0:11:15]} Nh4+ {[%clk 0:01:15]} 43. Kg1 {[%clk 0:11:27]} Nhf3+
{[%clk 0:01:28]} 44. Kg2 {[%clk 0:11:18]} Nh4+ {[%clk 0:01:53]} 45. Kg1
{[%clk 0:11:44]} Nhf3+ {[%clk 0:02:18]} 1/2-1/2